000 00312nam a22001337a 4500
008 170710b xxu||||| |||| 00| 0 eng d
020 _a666920859434
041 _aeng
080 _a030
100 _a23
101 _aENC
245 _aWEBSTER NEW EXPLORER DESK ENCYCLOPEDIA
_cSTEVENS.M.A
942 _2udc
_cBK
999 _c20108
_d20108